000 00393nam a2200145Ia 4500
008 240624s9999 xx 000 0 und d
041 _aeng
082 _a519.3 GAR
100 _aGARCIA MUNOZ FELIX
245 _aSTRATEGY AND GAME THEORY PRACTICE EXERCI
250 _a(2nd ed.)
260 _c2019
_aUSA
_bSPRINGER INTERNATIONAL PUBLISHING
300 _axiii,529P.; 23 cm.
365 _cERU
_b33
999 _c32763
_d32763